Almost Useless Movie Trivia VIII Quiz Stats

 Plays Quiz Updated Jun 21, 2016

Challenge
Share
Tweet
Embed
Score 0/22 Timer 07:00
1 Play Today
% Correct
Charlie and the Chocolate Factory
96.5%
Night at the Museum
96.2%
The Dark Knight
95.3%
The Wizard of Oz
95%
The Hobbit: An Unexpected Journey
94.5%
The Sound of Music
93.9%
Field of Dreams
92.8%
Maleficent
92.3%
The Addams Family
91.6%
Who Framed Roger Rabbit
89.5%
Transformers
88.6%
% Correct
E. T. the Extra-Terrestrial
88.5%
Sleepless in Seattle
88%
Eternal Sunshine of the Spotless Mind
87.6%
Gremlins
82.2%
Madagascar
80.5%
The Wedding Singer
76.9%
The Haunted Mansion
69%
Mrs. Doubtfire
68.8%
The Incredibles
67.7%
Poltergeist
58.7%
Goldfinger
58.1%

You're not logged in!

Compare scores with friends on all Sporcle quizzes.
OR
Log In

You Might Also Like...

Show Comments

Extras

Top Quizzes Today


Score Distribution

Your Account Isn't Verified!

In order to create a playlist on Sporcle, you need to verify the email address you used during registration. Go to your Sporcle Settings to finish the process.

Report this User

Report this user for behavior that violates our Community Guidelines.

Details: